000 00688nam a22002057a 4500
999 _c12378
_d12378
003 AR-CdUCM
008 190408b ||||| |||| 00| 0 spa d
040 _aMUNICIPALIDAD PROVINCIAL DEL CUSCO
_cBIBLIOTECA MUNICIPAL DEL CUSCO
082 _a770.985 /
_bD519 / 2013
100 _aDewey, Nancy H.
_930210
245 _aPerú :
_bTinta /
260 _aCusco :
_bDanny´s Graff,
_c2013.
300 _a69 páginas ;
_bFotografías,
_c20 cm.
505 _aContenido: La llegada -- Gente -- Salud -- Escuela -- Mercado de los jueves...
650 _aTúpac Amaru
_9623
650 _aTinta
_922001
650 _aFotografía de Tinta
_930211
942 _2ddc
_cLIBROS
945 _adavv
_d08/04/2019